000 00559nam a2200157 i 4500
001 50633
003 ES-MaACL
007 t|
008 030805s1974 fr ||||1| fre d
100 1 _aChafarevitch, Igor Rostislavovitch.
_937779
245 1 3 _aLa legislation sur la religion en URSS
_b: rapports au Comité des droits de l'homme /
_cIgor R. Chafarevitch ; traduit du russe par Michel Fedoroff.
260 _aParis :
_bEditions du Seuil,
_c[1974]
300 _a123 p. ;
_c21 cm.
700 1 _aFedoroff, Michel.
_949078
852 _aES-MaACL
_jE-5645
_bR.90012
999 _c50633
_d50633